عرض عادي عرض مارك
  • ماكنتاير، لاري ف.

مدخل إسم شخص

عدد التسجيلات المستخدمة في: 2

001 - رقم الضبط

  • حقل الضبط: 15649

003 - معرف رقم الضبط

  • حقل الضبط: OSt

005 - تاريخ ووقت أخر عملية

  • حقل الضبط: 20120608220839.0

008 - عناصر بيانات ثابتة الطول

  • حقل تحكم ثابت الطول: 120608|||a|||||| | ||| d

040 ## - مصدر الفهرسة

  • هيئة الفهرسة الأصلية: OSt
  • وكالة الكتابة: OSt

100 ## - مدخل -- أسم شخص

  • إسم شخص: ماكنتاير، لاري ف.

670 ## - بيانات المصدر موجوده

  • الاستشهاد بالمصدر: Work cat.: (OSt): ساتيرباك، آن. 15625, أسس الهندسة الحيوية /, 2011